000 00554nam a2200205Ia 4500
005 20260429112005.0
008 260429s9999||||xx |||||||||||||| ||und||
020 _a9781787151772
041 _aEnglish
082 _a658.8
_bHIL
100 _aHill, Lawrence
245 0 _aFundamentals of marketing /
_cLawrence Hill
260 _aUnited Kingdom :
_bKruger Brentt Publishers,
_c2024.
300 _aix, 423 p.; hb
650 _a Marketing management
650 _aManagement
700 _a Lewis, Bruce
700 _a Morris, Willie
942 _cTB
999 _c51773
_d51773